The Prophetic Tradition and Radical Rhetoric in America (Record no. 351563)
[ view plain ]
| 000 -LEADER | |
|---|---|
| fixed length control field | 00624nam a2200121Ia 4500 |
| 008 - FIXED-LENGTH DATA ELEMENTS--GENERAL INFORMATION | |
| fixed length control field | 171212s9999 xx 000 0 und d |
| 100 ## - MAIN ENTRY--PERSONAL NAME | |
| Personal name | Darsey, James |
| 245 ## - TITLE STATEMENT | |
| Statement of responsibility, etc | Darsey, James |
| Title | The Prophetic Tradition and Radical Rhetoric in America |
| 260 ## - PUBLICATION, DISTRIBUTION, ETC. (IMPRINT) | |
| Name of publisher, distributor, etc | New York University Press |
| Date of publication, distribution, etc | 1997 |
| 650 ## - SUBJECT ADDED ENTRY--TOPICAL TERM | |
| Topical term or geographic name as entry element | Political oratory -- Social aspects -- United States; Rhetoric -- Social aspects -- United States; Radicalism -- United States; Prophecy -- Social aspects -- United States; United States -- Social conditions–1980–; Social problems -- United States |
| 650 ## - SUBJECT ADDED ENTRY--TOPICAL TERM | |
| Topical term or geographic name as entry element | Religion |
| 856 ## - ELECTRONIC LOCATION AND ACCESS | |
| Uniform Resource Identifier | <a href="http://www.jstor.org/stable/j.ctt9qfckh">http://www.jstor.org/stable/j.ctt9qfckh</a> |
| Withdrawn status | Lost status | Damaged status | Home library | Current library | Date acquired | Total Checkouts | Full call number | Date last seen | Price effective from | Koha item type |
|---|---|---|---|---|---|---|---|---|---|---|
| College Library | College Library | 12/12/2017 | PN 4055.U53 .D37 1977 | 12/12/2017 | 12/12/2017 | Curriculum - Based eBooks |